[Event "TCh-ESP Honor Gp2"]
[Site "Torrelavega ESP"]
[Date "2007.06.28"]
[Round "2"]
[White "Torrecillas Martinez,A"]
[Black "Lezcano Jaen,P"]
[Result "1-0"]
[WhiteElo "2385"]
[BlackElo "2382"]

1.d4 Nf6 2.Nf3 e6 3.c4 Bb4+ 4.Bd2 Qe7 5.g3 Nc6 6.Nc3 b6 7.Bg2 Na5 8.b3 Bb7
9.O-O O-O 10.Re1 Rac8 11.d5 exd5 12.Nxd5 Bxd5 13.Bxb4 Qxb4 14.cxd5 c5 15.dxc6 dxc6
16.Qd4 Qe7 17.e4 c5 18.Qe5 Rfe8 19.Qf5 g6 20.Qf4 c4 21.e5 Nd5 22.Qh6 Qf8
23.Qh4 Nb4 24.Ng5 Qg7 25.bxc4 Rxc4 26.f4 Rd4 27.Ne4 Red8 28.Nd6 Qf8 29.Rad1 Rxd1
30.Rxd1 Nc4 31.Qf6 Nc2 32.Bd5 Nxd6 33.exd6 Ne3 34.Bxf7+ Qxf7 35.Qxd8+ Kg7
36.Re1  1-0

[Event "35th World Open"]
[Site "King of Prussia USA"]
[Date "2007.06.30"]
[Round "2"]
[White "Hansen,Lars"]
[Black "Sharavdorj,D"]
[Result "1/2-1/2"]
[WhiteElo "2251"]
[BlackElo "2454"]

1.d4 Nf6 2.Nf3 e6 3.c4 Bb4+ 4.Bd2 Qe7 5.g3 Nc6 6.Nc3 Bxc3 7.Bxc3 Ne4 8.Rc1 O-O
9.Bg2 d6 10.d5 Nd8 11.dxe6 Nxe6 12.O-O f5 13.e3 Bd7 14.Nd4 N6g5 15.Be1 Kh8
16.f3 Nc5 17.b4 Nce6 18.Bc3  1/2-1/2

[Event "TCh-ESP Honor Gp2"]
[Site "Torrelavega ESP"]
[Date "2007.06.30"]
[Round "4"]
[White "Llanes Hurtado,M"]
[Black "Lezcano Jaen,P"]
[Result "1-0"]
[WhiteElo "2441"]
[BlackElo "2382"]

1.d4 Nf6 2.Nf3 e6 3.c4 Bb4+ 4.Bd2 Bxd2+ 5.Qxd2 O-O 6.Nc3 d5 7.e3 Nbd7 8.cxd5 exd5
9.Bd3 Re8 10.Qc2 Nf8 11.h3 c6 12.O-O Qe7 13.Rae1 Ng6 14.e4 dxe4 15.Nxe4 Nxe4
16.Bxe4 Be6 17.d5 cxd5 18.Bxd5 Qd7 19.Bxe6 Rxe6 20.Rxe6 Qxe6 21.Qc7 Qd5 22.Re1 h6
23.Re3 a6 24.b3 Rd8 25.g3 Rd7 26.Qc8+ Rd8 27.Re8+ Rxe8 28.Qxe8+ Kh7 29.Qe3 a5
30.Kg2 Kg8 31.Qd4 Qxd4 32.Nxd4 Ne5 33.f4 Nd3 34.Kf3 Nc5 35.Ke3 Kf8 36.Nf5 Ne6
37.Ke4 g6 38.Nd6 Nd8 39.Kd5 Ke7 40.Nc4 Nc6 41.Kc5 Nb4 42.a4 g5 43.fxg5 hxg5
44.Nxa5 Nd3+ 45.Kc4 Nf2 46.Nxb7 Nxh3 47.Nc5 Kd6 48.a5 Kc7 49.b4 f5 50.b5 g4
51.b6+ Kb8 52.a6 Ng1 53.b7 Nh3 54.Nd7+ Ka7 55.b8=Q+ Kxa6 56.Qb6+  1-0

[Event "White Nights"]
[Site "St Petersburg RUS"]
[Date "2007.07.01"]
[Round "7"]
[White "Yevseev,D"]
[Black "Orlov,Va"]
[Result "1-0"]
[WhiteElo "2525"]
[BlackElo "2444"]

1.d4 Nf6 2.c4 e6 3.Nf3 Bb4+ 4.Bd2 Qe7 5.g3 Nc6 6.Nc3 O-O 7.Bg2 Bxc3 8.Bxc3 Ne4
9.Rc1 d6 10.d5 Nd8 11.Bb4 e5 12.O-O a5 13.Be1 f5 14.b3 c5 15.dxc6 Nxc6 16.Nd2 Nxd2
17.Bxd2 f4 18.e3 fxg3 19.hxg3 Bf5 20.Bc3 Kh8 21.f4 exf4 22.exf4 Qe3+ 23.Kh2 Qe6
24.Qd2 Qh6+ 25.Kg1 Bh3 26.Rcd1 Bxg2 27.Kxg2 Rfe8 28.Rf2 Qe6 29.Qd3 Qe3 30.f5 Qxd3
31.Rxd3 a4 32.f6 gxf6 33.Rxd6 Kg8 34.Bxf6 Ne5 35.Rd5 axb3 36.axb3 Nf7 37.Rd7 Rab8
38.Rf5 Re6 39.Bc3 Re3 40.Rfxf7 Rxc3 41.Rg7+ Kf8 42.Rxh7 Kg8 43.Rdg7+  1-0

[Event "Summer GM"]
[Site "Lugansk UKR"]
[Date "2007.07.04"]
[Round "6"]
[White "Pushkov,N"]
[Black "Tkachenko,G"]
[Result "1-0"]
[WhiteElo "2513"]
[BlackElo "2318"]

1.d4 Nf6 2.c4 e6 3.Nf3 Bb4+ 4.Bd2 c5 5.Bxb4 cxb4 6.g3 b6 7.Bg2 Bb7 8.O-O a5
9.a3 Na6 10.Nbd2 O-O 11.Re1 d6 12.e4 Qc7 13.Qe2 Rfe8 14.Rac1 e5 15.d5 bxa3
16.bxa3 Nc5 17.Rb1 Bc8 18.Nh4 Bd7 19.h3 Rab8 20.g4 h6 21.Nf5 Bxf5 22.gxf5 Qe7
23.Kh1 Nh7 24.Rg1 Kh8 25.Nf1 Qh4 26.Qe3 Rec8 27.Qg3 Qf6 28.Ne3 a4 29.Rb4 Ng5
30.f3 Nh7 31.h4 Nd3 32.Rxa4 b5 33.cxb5 Rxb5 34.Bf1 Rb3 35.Ng4 Qe7 36.Nxh6 f6
37.Bxd3 Rxd3 38.Ng4 Qe8 39.Nxf6  1-0

[Event "ch-BEL Expert"]
[Site "Namur BEL"]
[Date "2007.07.05"]
[Round "6"]
[White "Dgebuadze,A"]
[Black "Saiboulatov,D"]
[Result "1-0"]
[WhiteElo "2510"]
[BlackElo "2415"]

1.d4 e6 2.c4 Nf6 3.Nf3 Bb4+ 4.Bd2 c5 5.Bxb4 cxb4 6.g3 O-O 7.Bg2 d6 8.a3 Na6
9.O-O Bd7 10.Nbd2 Qc7 11.Qb3 bxa3 12.Rxa3 Nb8 13.Rfa1 a5 14.Qc3 Nc6 15.Ne1 d5
16.c5 b5 17.cxb6 Qxb6 18.e3 Rfc8 19.Nd3 Rab8 20.Nb3 a4 21.Nbc5 Na5 22.Qe1 Nc4
23.R3a2 Be8 24.Qe2 e5 25.Nxa4 Bxa4 26.Rxa4 e4 27.Ne5 Nxb2 28.Ra6 Qb5 29.Qxb5 Rxb5
30.Bh3 Rf8 31.Rb1 h5 32.Bf1 Rb7 33.Ra2 Rfb8 34.Kg2 Nd3 35.Bxd3 Rxb1 36.Bxb1 Rxb1
37.Ra8+ Kh7 38.Nxf7 Rb2 39.Rh8+ Kg6 40.Ne5+ Kf5 41.h3 Rb7 42.Rf8 Rc7 43.g4+ hxg4
44.hxg4+ Kg5 45.Kg3 Ra7 46.Rc8 Rb7 47.Rc6 Kh6 48.Kf4 Kh7 49.g5  1-0

[Event "6th Open"]
[Site "La Fere FRA"]
[Date "2007.07.09"]
[Round "4"]
[White "Delorme,L"]
[Black "Riff,JN"]
[Result "0-1"]
[WhiteElo "2040"]
[BlackElo "2460"]

1.d4 Nf6 2.Nf3 e6 3.c4 Bb4+ 4.Bd2 Qe7 5.a3 Bxd2+ 6.Qxd2 a5 7.Nc3 d6 8.e4 O-O
9.Be2 e5 10.d5 a4 11.Qc2 Nbd7 12.O-O Nc5 13.Nd2 b6 14.Rfe1 Ne8 15.Bf3 g6
16.g3 Ng7 17.Bg2 Bd7 18.f4 exf4 19.gxf4 Nh5 20.Rf1 Qh4 21.e5 Bf5 22.Nde4 Nxf4
23.exd6 Nxg2 24.Rxf5 Ne3 25.Nf6+ Kh8 26.Rh5 Qxh5 27.Nxh5 Nxc2 28.Rc1 cxd6
29.Rxc2 gxh5  0-1

[Event "FSIMA July"]
[Site "Budapest HUN"]
[Date "2007.07.11"]
[Round "5"]
[White "Cooke,E"]
[Black "Magyar,O"]
[Result "1-0"]
[WhiteElo "2213"]
[BlackElo "2304"]

1.d4 Nf6 2.c4 e6 3.Nf3 Bb4+ 4.Bd2 Qe7 5.a3 Bxd2+ 6.Nbxd2 a5 7.e4 d6 8.Bd3 e5
9.d5 O-O 10.O-O Bd7 11.b4 Na6 12.Qb3 c6 13.dxc6 bxc6 14.Qc3 Rfe8 15.Rfe1 Bg4
16.h3 Bxf3 17.Nxf3 Nd7 18.c5 dxc5 19.bxa5 Nc7 20.Rab1 Reb8 21.a4 Kf8 22.Nd2 Ne6
23.a6 Nf4 24.Bf1 c4 25.Qxc4 Nc5 26.Rec1 Nce6 27.Qc3 f6 28.Qa5 Rd8 29.Rb6 Rd4
30.Bc4 Qd8 31.Bxe6 Nxe6 32.Rcxc6 Nf4 33.Qc5+ Kg8 34.Rd6 Qf8 35.Rbc6 Rxa4
36.Kh2 Rd4 37.Nb3 Nd3 38.Qb6 Rb4 39.Qa5 Rxb3 40.Qd5+ Kh8 41.Qxb3 Nf4 42.Rd7  1-0

[Event "Kaupthing Open"]
[Site "Differdange LUX"]
[Date "2007.07.11"]
[Round "6"]
[White "Henrichs,T"]
[Black "Gharamian,T"]
[Result "1/2-1/2"]
[WhiteElo "2496"]
[BlackElo "2517"]

1.d4 Nf6 2.c4 e6 3.Nf3 Bb4+ 4.Bd2 a5 5.g3 d6 6.Bg2 Nbd7 7.O-O e5 8.Bg5 exd4
9.Nxd4 O-O 10.Qc2 h6 11.Bf4 Nh5 12.Bc1 Bc5 13.e3 Nhf6 14.Nc3 Ne5 15.b3 Re8
16.Bb2 c6 17.h3 Bd7 18.Rad1 Qc8 19.Kh2 Bb6 20.Nde2 Bc7 21.Rd4 Bf5 22.e4 Bh7
23.Qc1 Ned7 24.f3 Nc5 25.Rdd1 Qe6 26.Nf4 Qe7 27.Rfe1 Rad8 28.Ba3 Qf8 29.Bb2 Nfd7  1/2-1/2

[Event "FSIMB July"]
[Site "Budapest HUN"]
[Date "2007.07.12"]
[Round "6"]
[White "Toth,Li"]
[Black "Gauri,S"]
[Result "0-1"]
[WhiteElo "2218"]
[BlackElo "2177"]

1.d4 Nf6 2.c4 e6 3.Nf3 Bb4+ 4.Bd2 Qe7 5.g3 Nc6 6.Bg2 Bxd2+ 7.Nbxd2 d6 8.O-O a5
9.b3 O-O 10.a3 e5 11.d5 Nb8 12.e4 Na6 13.Ne1 Bg4 14.f3 Bd7 15.Nd3 c6 16.dxc6 bxc6
17.f4 Ng4 18.Qe2 exf4 19.gxf4 Rae8 20.h3 Nh6 21.Qf2 Qd8 22.b4 Qc7 23.Rac1 axb4
24.axb4 f5 25.b5 fxe4 26.Nxe4 Bf5 27.Qd4 Nb8 28.Nxd6 Rd8 29.c5 cxb5 30.Ne5 Na6
31.Rfd1 Rf6 32.Qd5+ Be6 33.Qc6 Rxf4 34.Qxa6 Rdf8 35.Qb7 Qd8 36.Nd3 Rd4 37.Nf2 Qh4
38.Nde4 Bd5 39.Qd7 Rxd1+ 40.Rxd1 Bb3 41.Rd4 Qf4 42.Qd6 Qc1+ 43.Kh2 Nf5 44.Nf6+ Rxf6
45.Bd5+ Bxd5 46.Qxd5+ Rf7 47.Qe6 Nxd4  0-1

[Event "Open"]
[Site "Banska Stiavnica SVK"]
[Date "2007.07.13"]
[Round "7"]
[White "Vass,F"]
[Black "Rachela,M"]
[Result "0-1"]
[WhiteElo "2425"]
[BlackElo "2287"]

1.d4 Nf6 2.Nf3 e6 3.c4 Bb4+ 4.Bd2 Qe7 5.a3 Bxd2+ 6.Nfxd2 d5 7.Nc3 O-O 8.e3 Rd8
9.Qc2 c5 10.dxc5 Nc6 11.Be2 d4 12.Nce4 Nxe4 13.Nxe4 dxe3 14.fxe3 Qh4+ 15.g3 Qh6
16.Qc3 e5 17.O-O Bh3 18.Rfd1 Rf8 19.Rd6 f6 20.Nf2 Bf5 21.Rad1 e4 22.R1d5 Bg6
23.Ng4 Qh3 24.Rd7 Rab8 25.Rc7 h5 26.Nf2 Qe6 27.Bf1 Ne5 28.Bh3 Qe8 29.Bg2 Rf7
30.Rxf7 Bxf7 31.Rd4 f5 32.Nh3 Qe7 33.b4 h4 34.Nf4 hxg3 35.hxg3 Qg5 36.Rd5 Nd3
37.Rxd3 exd3 38.Qxd3 Qxg3 39.Nd5 Qe1+ 40.Qf1 Qxf1+ 41.Kxf1 Kf8 42.Ke2 b6
43.cxb6 axb6 44.Kd3 Bxd5 45.Bxd5 Ke7 46.Kd4 Kd6 47.a4 g5 48.b5 Rc8 49.a5 bxa5
50.b6 a4 51.b7 Re8 52.c5+ Kc7 53.c6 a3 54.Bf7 Rf8 55.Bd5 Rd8 56.Ke5 Rxd5+  0-1

[Event "FSGM July"]
[Site "Budapest HUN"]
[Date "2007.07.13"]
[Round "7"]
[White "Ilincic,Z"]
[Black "Caruana,F"]
[Result "1/2-1/2"]
[WhiteElo "2509"]
[BlackElo "2549"]

1.d4 Nf6 2.c4 e6 3.Nf3 Bb4+ 4.Bd2 Qe7 5.g3 Nc6 6.Bg2 Bxd2+ 7.Nbxd2 d6 8.O-O a5
9.e4 e5 10.d5 Nb8 11.Ne1 h5 12.Nef3 Nbd7 13.b3 Nc5 14.Qc2 h4 15.a3 hxg3 16.fxg3 c6
17.b4 axb4 18.axb4 Rxa1 19.Rxa1 Na6 20.b5 Nc5 21.bxc6 bxc6 22.h3 Qc7 23.g4 O-O
24.Ne1 g6 25.Nd3 Nxd3 26.Qxd3 Qb6+ 27.Kh2 Kg7 28.Kg3 Rh8 29.Rf1 Qd8 30.Nf3 cxd5
31.cxd5 Qa5 32.Rc1 Ba6 33.Qe3 Rc8 34.Rxc8 Bxc8 35.Ng5 Bd7 36.Bf3 Qa2 37.Qc3 Qb1
38.Qe3 Qf1 39.Bg2 Qd1 40.Bf3 Qc2 41.Be2 Qb2 42.Bf3 Qc2  1/2-1/2

[Event "Inautomarket Open"]
[Site "Minsk BLR"]
[Date "2007.07.13"]
[Round "4"]
[White "Yevseev,D"]
[Black "Zaiatz,E"]
[Result "1-0"]
[WhiteElo "2515"]
[BlackElo "2392"]

1.d4 Nf6 2.c4 e6 3.Nf3 Bb4+ 4.Bd2 a5 5.g3 d5 6.Bg2 dxc4 7.Qc2 Bxd2+ 8.Qxd2 Ra6
9.Na3 c5 10.Nxc4 b5 11.Nce5 Rd6 12.Qg5 h6 13.Qf4 g5 14.Qc1 cxd4 15.O-O Ba6
16.Rd1 Qb6 17.h4 Ne4 18.Nxf7 Rc6 19.Qb1 d3 20.e3 Nxf2 21.Rxd3 Kxf7 22.Kxf2 Qc7
23.Rd2 Kg7 24.hxg5 Rf8 25.Qe4 Bb7 26.Qh4 e5 27.Kg1 e4 28.Nd4 Rg6 29.Rf1 Rxf1+
30.Bxf1 hxg5 31.Nf5+ Kf6 32.Qh8+ Kxf5 33.g4+  1-0

[Event "XXII Tadeusz Gniota Mem"]
[Site "Police POL"]
[Date "2007.07.13"]
[Round "3"]
[White "Kludacz,M"]
[Black "Lasinskas,P"]
[Result "0-1"]
[WhiteElo "2244"]
[BlackElo "2183"]

1.d4 Nf6 2.c4 e6 3.Nf3 Bb4+ 4.Bd2 a5 5.g3 b6 6.Bg2 Bb7 7.O-O Bxd2 8.Nbxd2 d6
9.Qc2 Nbd7 10.e4 e5 11.d5 O-O 12.b3 Qe7 13.a3 g6 14.Bh3 Nh5 15.Nh4 Bc8 16.b4 Nf4
17.Bg4 Qg5 18.h3 Qh6 19.Ndf3 Nh5 20.Bxh5 Qxh5 21.g4 Qh6 22.Qd2 Qxd2 23.Nxd2 Nf6
24.Rfc1 Nd7 25.Ndf3 Nf6 26.Nd2 Nd7 27.Nf1 Kg7 28.Ne3 Kh6 29.Nhg2 Kg7 30.f3 Bb7
31.Ne1 Ra7 32.Nd3 Re8 33.c5 bxc5 34.bxc5 Ba6 35.Nc4 Rb8 36.cxd6 cxd6 37.Ne1 Bxc4
38.Rxc4 Nc5 39.Rac1 Rab7 40.Kf2 Rb3 41.R4c3 a4 42.Ke3 Rb2 43.R1c2 Rb1 44.Nd3 Nb3
45.Rc4 Nd4 46.Rc1 Rxc1 47.Nxc1 Rb2 48.Kd3 Rh2 49.Rxa4 Rxh3 50.Ra6 Rxf3+ 51.Kc4 h5
52.gxh5 gxh5 53.Nd3 h4 54.Rxd6 h3 55.Rb6 Ne2 56.Rb1 Re3 57.Rh1 Rxe4+ 58.Kc5 Re3
59.Nb2 Nf4 60.d6  0-1

[Event "ChIP"]
[Site "Paris FRA"]
[Date "2007.07.14"]
[Round "8"]
[White "Tregubov,P"]
[Black "Dizdar,G"]
[Result "1/2-1/2"]
[WhiteElo "2599"]
[BlackElo "2553"]

1.d4 Nf6 2.c4 e6 3.Nf3 Bb4+ 4.Bd2 c5 5.Bxb4 cxb4 6.e3 O-O 7.Be2 b6 8.O-O d6
9.Ne1 Nc6 10.Nd3 a5 11.a3 bxa3 12.Nxa3 e5 13.Nb5 Ba6 14.Qa4 exd4 15.exd4 Rc8
16.Bf3 d5 17.Nf4 dxc4 18.Bxc6 Rxc6 19.Rfd1 Qb8 20.g3 g5 21.Ng2 Nd5 22.Nc3 Rd6
23.Nxd5 Rxd5 24.Ne3 Qd6 25.Nxc4 Bxc4 26.Qxc4 Rd8 27.Qc1 h6 28.Ra4 Qf6 29.Qc3 Kg7
30.Rc4 R8d6 31.b4 a4 32.b5 Rf5 33.Rc6 Rxb5 34.Rxd6 Qxd6 35.d5+ f6 36.Qd3 Ra5
37.h4 a3 38.h5 f5 39.Kh2 a2 40.Qc3+ Qf6 41.Qc7+ Qf7 42.Qe5+ Qf6 43.Qc7+ Kg8
44.Qb8+ Qf8 45.Qe5 Qg7 46.Qe8+ Qf8 47.Qe5 f4 48.g4 Qf7 49.Rc1 Rc5 50.Rxc5 bxc5
51.Qb8+ Kh7 52.Qa8 c4 53.Qxa2 Qxd5 54.Qb1+ Qd3 55.Qb7+ Kg8 56.Qc8+ Kf7 57.Qc7+ Kg8
58.Qc8+ Kf7 59.Qc7+ Kg8  1/2-1/2

[Event "Open"]
[Site "Ghent BEL"]
[Date "2007.07.15"]
[Round "4"]
[White "Gregoir,C"]
[Black "Ikonnikov,Vy"]
[Result "0-1"]
[WhiteElo "2281"]
[BlackElo "2558"]

1.d4 Nf6 2.c4 e6 3.Nf3 Bb4+ 4.Bd2 Qe7 5.g3 Nc6 6.Bg2 Bxd2+ 7.Nbxd2 d6 8.O-O a5
9.e4 e5 10.d5 Nb8 11.Ne1 O-O 12.Nd3 Na6 13.Qc2 c6 14.f4 Nd7 15.a3 exf4 16.gxf4 cxd5
17.cxd5 Nac5 18.Nxc5 Nxc5 19.b4 axb4 20.axb4 Rxa1 21.Rxa1 Qf6 22.Rf1 Qd4+
23.Kh1 Qxb4 24.Nc4 Nd7 25.e5 dxe5 26.fxe5 b6 27.Rb1 Qc5 28.Qe4 Re8 29.Qf4 Bb7
30.Rd1 Rf8 31.Nd6 Ba8 32.Qf5 Nf6 33.Be4 Nxe4 34.Nxe4 Bxd5  0-1

[Event "Heart of Finland"]
[Site "Jyvaskyla FIN"]
[Date "2007.07.19"]
[Round "8"]
[White "Legky,N"]
[Black "Miezis,N"]
[Result "1/2-1/2"]
[WhiteElo "2462"]
[BlackElo "2524"]

1.d4 Nf6 2.c4 e6 3.Nf3 Bb4+ 4.Bd2 Qe7 5.Qc2 Bxd2+ 6.Nbxd2 c5 7.dxc5 Qxc5
8.g3 Nc6 9.Bg2 d5 10.O-O O-O 11.Rac1 dxc4 12.Qxc4 Qxc4 13.Nxc4 Rd8 14.Rfd1 Rxd1+
15.Rxd1  1/2-1/2

[Event "Sun Pawn Open"]
[Site "Ilichevsk UKR"]
[Date "2007.07.20"]
[Round "1"]
[White "Koba,Y"]
[Black "Zavgorodniy,S"]
[Result "0-1"]
[WhiteElo "1835"]
[BlackElo "2422"]

1.d4 Nf6 2.c4 e6 3.Nf3 Bb4+ 4.Bd2 Qe7 5.Qc2 Bxd2+ 6.Nbxd2 d6 7.e3 e5 8.Bd3 O-O
9.Ne4 Nxe4 10.Bxe4 f5 11.Bd5+ Kh8 12.c5 exd4 13.Nxd4 dxc5 14.Ne2 c6 15.Bf3 Nd7
16.O-O-O Ne5 17.Bh5 Be6 18.Nf4 Bg8 19.h4 a5 20.e4 fxe4 21.Qxe4 Qf6 22.Nh3 Nc4
23.Qc2 Qh6+ 24.Ng5 Qxh5 25.b3 Na3 26.Qxc5 a4 27.bxa4 Qg4 28.Qxa3 Qc4+ 29.Kb1 Rxa4
30.Nf7+ Rxf7 31.Qb3 Rb4  0-1

[Event "Czech Open GMA"]
[Site "Pardubice CZE"]
[Date "2007.07.21"]
[Round "2"]
[White "Khmelniker,I"]
[Black "Platzgummer,F"]
[Result "1-0"]
[WhiteElo "2427"]
[BlackElo "2124"]

1.d4 Nf6 2.c4 e6 3.Nf3 Bb4+ 4.Bd2 Qe7 5.g3 Nc6 6.Bg2 Bxd2+ 7.Nbxd2 d6 8.O-O e5
9.d5 Nb8 10.Ne1 O-O 11.e4 a5 12.b3 Na6 13.a3 Nc5 14.b4 axb4 15.axb4 Rxa1
16.Qxa1 Na6 17.Nd3 c5 18.b5 Nb8 19.f4 Nfd7 20.Qa7 f6 21.Bh3 g6 22.Be6+ Kg7
23.Nb3 Qd8 24.Kg2 Qc7 25.Qa1 Qd8 26.Nd2 Qe7 27.h4 Nb6 28.f5 g5 29.hxg5 fxg5
30.Qd1 Bd7 31.Qa1 Bc8 32.Nxc5 dxc5 33.Qxe5+ Qf6 34.Qxb8 Bxe6 35.Qc7+  1-0

[Event "ch-ITA U20"]
[Site "Fiuggi ITA"]
[Date "2007.07.22"]
[Round "5"]
[White "Bellemo,D"]
[Black "Santagati,A"]
[Result "1/2-1/2"]
[WhiteElo "2067"]
[BlackElo "2141"]

1.d4 Nf6 2.c4 e6 3.Nf3 Bb4+ 4.Bd2 a5 5.a3 Be7 6.Nc3 d5 7.Bg5 O-O 8.e3 h6
9.Bh4 Nc6 10.Bd3 Re8 11.O-O dxc4 12.Bxc4 Nd5 13.Bxe7 Rxe7 14.e4 Nxc3 15.bxc3 e5
16.Nxe5 Nxe5 17.dxe5 Be6 18.Bxe6 Rxe6 19.f4 Qe7 20.Qb3 Rb6 21.Qa4 Rb2 22.Rad1 Rd8
23.Rxd8+ Qxd8 24.Qd4 Qe7 25.f5 Qg5 26.Rf2 Qc1+ 27.Rf1 Qc2 28.Qf2 Qxc3 29.Qf4 Qc5+
30.Kh1 Qc2 31.Qf3 Rb1 32.Kg1 Rb3 33.Qf4 Rb2 34.Qg3 Qc5+ 35.Kh1 Qc4 36.Qf3 Rb3
37.Qf4 b5 38.f6 g5 39.Qf5 Qe6 40.Qxe6 fxe6 41.Rd1 Rxa3 42.h3 Rc3 43.Rd8+ Kf7
44.Rd7+ Kf8 45.Rd8+ Kf7 46.Rd7+ Ke8 47.Re7+ Kf8 48.Rxe6 Rc5 49.Re7 b4 50.e6 Rc6
51.Rf7+ Ke8 52.Re7+ Kf8  1/2-1/2

[Event "MTO"]
[Site "Biel SUI"]
[Date "2007.07.23"]
[Round "1"]
[White "Schiendorfer,E"]
[Black "Harika,D"]
[Result "0-1"]
[WhiteElo "2133"]
[BlackElo "2478"]

1.d4 Nf6 2.c4 e6 3.Nf3 Bb4+ 4.Bd2 Qe7 5.g3 O-O 6.Bg2 Bxd2+ 7.Nbxd2 d6 8.O-O e5
9.e4 Bg4 10.Qb3 c6 11.Rae1 Na6 12.h3 Bxf3 13.Nxf3 Rab8 14.Qc3 Nd7 15.Nh4 g6
16.f4 exf4 17.Rxf4 c5 18.Rg4 cxd4 19.Qd2 Kh8 20.Qh6 Rg8 21.Nf3 d3 22.Rf1 f6
23.Nh4 Ne5 24.Rgf4 Nf7 25.Nf5 gxf5 26.Qh4 Rg6 27.Rxf5 Rbg8 28.g4 Nc5 29.Qg3 Ne5
30.b4 Ne6  0-1

[Event "Najdorf Mem GpA"]
[Site "Grodzisk Mazowiecki POL"]
[Date "2007.07.23"]
[Round "4"]
[White "Ostrowski,P2"]
[Black "Szymanski,M"]
[Result "1/2-1/2"]
[WhiteElo "2058"]
[BlackElo "2429"]

1.d4 Nf6 2.c4 e6 3.Nf3 Bb4+ 4.Bd2 c5 5.g3 Nc6 6.Bxb4 cxb4 7.d5 exd5 8.cxd5 Ne7
9.d6 Nc6 10.Bg2 O-O 11.O-O Re8 12.Nbd2 b6 13.Re1 Bb7 14.e4 Ng4 15.Nb3 a5
16.h3 Nge5 17.Nxe5 Nxe5 18.Nd4 Rc8 19.Nf5 Rc5 20.b3 Rc3 21.f4 Nc6 22.e5 b5
23.Qg4 g6 24.Nh6+ Kg7 25.Nf5+ Kf8 26.Ne3 Qb6 27.Qf3 Nxe5 28.Qxb7 Qxb7 29.Bxb7 Nd3
30.Ng2 Nxe1 31.Nxe1 Rxg3+ 32.Kf2 Rc3 33.Rd1 Re6 34.Rd2 Rf6 35.Rd4 g5 36.Nd3 Rc2+
37.Kg3 gxf4+ 38.Nxf4 Rxa2 39.Ba6 Ra3 40.Bxb5 Rxb3+ 41.Kg4 a4 42.Bc4 Rc3 43.Kg5 Rxd6
44.Rxd6 Rxc4 45.Rxd7 b3 46.Rb7 Rc5+ 47.Kf6 Rc6+ 48.Kg5 Ra6 49.Rb8+ Ke7 50.Nd5+ Kd6
51.Nc3 h6+ 52.Kf5 Kc5 53.Nxa4+ Rxa4 54.Rxb3 Kd6 55.Re3 Ra1 56.Rb3 Ke7 57.Rb6 Rf1+
58.Ke5 f6+ 59.Kd5 Kf7 60.Rb3 Re1 61.Rg3 f5 62.Kd4 Kf6 63.Kd3 Re8 64.Kd4 Re4+
65.Kd5 Re8 66.Kd4 Re4+ 67.Kd5 Ra4 68.Rg8 Ra3 69.h4 Rd3+ 70.Kc4 Rh3 71.Kd4 Rxh4+
72.Ke3 Ra4 73.Rf8+ Kg6 74.Rg8+ Kf7 75.Rb8 h5 76.Rb6 Kg7 77.Kf3 h4 78.Kg2 Ra3
79.Kh2 Rg3 80.Ra6 Rg6 81.Ra4 Rg4 82.Ra6 Rg3 83.Rb6 Rg6 84.Rb4 Rh6 85.Kh3 Kf7
86.Rxh4 Rg6 87.Ra4  1/2-1/2

[Event "IGM"]
[Site "Stara Pazova SRB"]
[Date "2007.07.25"]
[Round "1"]
[White "Abramovic,B"]
[Black "Berescu,A"]
[Result "1/2-1/2"]
[WhiteElo "2516"]
[BlackElo "2511"]

1.d4 e6 2.c4 Nf6 3.Nf3 Bb4+ 4.Bd2 c5 5.Bxb4 cxb4 6.Nbd2 O-O 7.e3 b6 8.Bd3 Bb7
9.O-O d6 10.Qc2 h6 11.Rad1 Qc7 12.b3 Nbd7 13.Qb1 a5 14.Rfe1  1/2-1/2

[Event "ch-ITA U20"]
[Site "Fiuggi ITA"]
[Date "2007.07.26"]
[Round "9"]
[White "Rombaldoni,D"]
[Black "Frilli,G"]
[Result "1/2-1/2"]
[WhiteElo "2383"]
[BlackElo "2168"]

1.d4 Nf6 2.c4 e6 3.Nf3 Bb4+ 4.Bd2 c5 5.Bxb4 cxb4 6.Qd3 d6 7.e4 Qe7 8.Nbd2 e5
9.g3 Nfd7 10.Bg2 Nc6 11.d5 Nc5 12.Qe3 Nb8 13.a3 Nba6 14.O-O Bd7 15.Ne1 b5
16.axb4 Nxb4 17.Qc3 Nba6 18.b4 Na4 19.Qb3 Nc7 20.Nd3 bxc4 21.Nxc4 Nb6 22.Ne3 O-O
23.Ra5 Bb5 24.Rc1 a6 25.f4 f6 26.Nf5 Qd7 27.fxe5 fxe5 28.Bh3 Kh8 29.Nf2 Ne8
30.Ne3 Qf7 31.Ra2 Ra7 32.Be6 Qf3 33.Bg4 Qf7 34.Nd3 Rc7 35.Rf1 Nf6 36.Raf2 Qg6
37.Bf5 Qg5 38.Ng2 Nc4 39.Re1 Nd2 40.Qa3  1/2-1/2

[Event "Najdorf Mem GpA"]
[Site "Grodzisk Mazowiecki POL"]
[Date "2007.07.26"]
[Round "7"]
[White "Zurkowski,A"]
[Black "Adamski,J"]
[Result "1/2-1/2"]
[WhiteElo "2015"]
[BlackElo "2354"]

1.d4 Nf6 2.c4 e6 3.Nf3 Bb4+ 4.Bd2 Qe7 5.e3 O-O 6.Bd3 Bxd2+ 7.Nfxd2 c5 8.dxc5 Na6
9.Nc3 Nxc5 10.Be2 a5 11.O-O d6 12.Qc2 Bd7 13.Bf3 Rfc8 14.Rac1 g6 15.Rfd1 Be8
16.b3 Rab8  1/2-1/2

[Event "Open Women Bulgarian Ch"]
[Site "Vratsa BUL"]
[Date "2007.07.26"]
[Round "2"]
[White "Trifonova,S"]
[Black "Todorova,K"]
[Result "1-0"]
[WhiteElo "1889"]
[BlackElo "1729"]

1.d4 Nf6 2.Nf3 e6 3.c4 Bb4+ 4.Bd2 Be7 5.Nc3 b6 6.e4 Bb7 7.e5 Ne4 8.Nxe4 Bxe4
9.Bc3 d6 10.Nd2 Bg6 11.f4 Nd7 12.Qf3 O-O 13.O-O-O f6 14.exd6 cxd6 15.g4 e5
16.Ne4 Qe8 17.Nxd6 Bxd6 18.Qd5+ Kh8 19.Qxd6 Be4 20.Rg1 Bf3 21.Re1 Rd8 22.Qa3 e4
23.f5 Qf7 24.b3 Nb8 25.Be2 Qc7 26.Qb2 Qxh2 27.Bxf3 Qxb2+ 28.Bxb2 exf3 29.Rgf1 Nc6
30.d5 Nb4 31.Rxf3 Nxa2+ 32.Kb1 Nb4 33.Ba3 a5 34.Rfe3 h6 35.Bxb4 axb4 36.Re6 b5
37.Rb6 bxc4 38.bxc4 Rb8 39.Rxb8 Rxb8 40.Kb2 Kg8 41.Kb3 Kf7 42.d6 g6 43.Re7+ Kf8
44.fxg6 Rd8 45.c5 Rc8 46.g7+ Kg8 47.d7  1-0

[Event "Czech Open GMA"]
[Site "Pardubice CZE"]
[Date "2007.07.28"]
[Round "9"]
[White "Mickevicius,J"]
[Black "Krumpacnik,D"]
[Result "1-0"]
[WhiteElo "2309"]
[BlackElo "2410"]

1.d4 Nf6 2.c4 e6 3.Nf3 Bb4+ 4.Bd2 Qe7 5.g3 O-O 6.Bg2 Bxd2+ 7.Qxd2 d6 8.Nc3 c6
9.O-O e5 10.e4 Na6 11.Rfe1 Re8 12.Rab1 Bd7 13.b4 Bg4 14.d5 cxd5 15.Nxd5 Nxd5
16.cxd5 Rec8 17.Rec1 Qd8 18.a3 Rxc1+ 19.Rxc1 Rc8 20.Qe3 Rxc1+ 21.Qxc1 Qb6
22.h3 Bd7 23.Bf1 h6 24.g4 Kf8 25.g5 h5 26.g6 f6 27.Nh4 Nc7 28.Qd1 Qd4 29.Qxh5 Ke7
30.Nf5+ Bxf5 31.Qxf5 Qd2 32.h4 Kd8 33.Bh3 Qc1+ 34.Kg2  1-0

[Event "Sun Pawn Open"]
[Site "Ilichevsk UKR"]
[Date "2007.07.30"]
[Round "10"]
[White "Kurochkin,Val"]
[Black "Mulenko,A"]
[Result "1-0"]
[WhiteElo "2152"]
[BlackElo "2166"]

1.d4 Nf6 2.Nf3 e6 3.c4 Bb4+ 4.Bd2 c5 5.Bxb4 cxb4 6.Nbd2 O-O 7.g3 d6 8.Bg2 Nc6
9.O-O a5 10.d5 exd5 11.cxd5 Nxd5 12.Nc4 Be6 13.Nd4 Nc3 14.Nxe6 Nxd1 15.Nxd8 Nxb2
16.Nxb7 Nxc4 17.Bxc6 Rab8 18.Rac1 Ne5 19.Nxa5 Rb6 20.Bd5 Rb5 21.Nc6 Ng6 22.Bb3 Re8
23.Nd4 Rc5 24.Rc4 h5 25.Rxb4 h4 26.Rb7  1-0

[Event "MTO"]
[Site "Biel SUI"]
[Date "2007.07.31"]
[Round "8"]
[White "Golod,V"]
[Black "Harika,D"]
[Result "1-0"]
[WhiteElo "2589"]
[BlackElo "2478"]

1.d4 Nf6 2.c4 e6 3.Nf3 Bb4+ 4.Bd2 Qe7 5.g3 Nc6 6.Nc3 Bxc3 7.Bxc3 Ne4 8.Rc1 O-O
9.Bg2 d6 10.d5 Nxc3 11.Rxc3 Nb8 12.dxe6 fxe6 13.Nd4 c6 14.O-O Nd7 15.b4 Nf6
16.e4 e5 17.Nc2 Be6 18.Ne3 a5 19.a3 axb4 20.axb4 Rfd8 21.Rd3 Rd7 22.h3 Rad8
23.Qc2 d5 24.cxd5 cxd5 25.exd5 e4 26.Rd4 Bxd5 27.Rfd1 Be6 28.Rxd7 Rxd7 29.Rxd7 Qxd7
30.g4 Qb5 31.Qd2 h6 32.Qd6 Qc6 33.Qe5 Bd7 34.Bf1 b5 35.Be2 Kh8 36.Kg2 Kg8
37.h4 Qe6 38.Qxe6+ Bxe6 39.Kg3 g5 40.Bxb5 Kf8 41.Bc4 Bd7 42.b5 Ke8 43.b6 Bc6
44.h5 Nd7 45.Bd5 Bxd5 46.Nxd5 Kf7 47.b7 Nb8 48.Ne3  1-0

[Event "Open"]
[Site "Callao PER"]
[Date "2007.08.08"]
[Round "1"]
[White "Roselli Mailhe,B"]
[Black "Zapata,K"]
[Result "1-0"]
[WhiteElo "2412"]
[BlackElo "1885"]

1.d4 Nf6 2.c4 e6 3.Nf3 Bb4+ 4.Bd2 a5 5.g3 b6 6.Bg2 Bb7 7.O-O O-O 8.Bf4 Na6
9.c5 a4 10.a3 Ba5 11.Qxa4 Bxf3 12.Bxf3 c6 13.b4 b5 14.Qxa5 Qc8 15.Nd2 Ne8
16.a4 Nxc5 17.dxc5 Rxa5 18.bxa5 bxa4 19.Nc4 Qa6 20.Nb6 Nf6 21.Rxa4 Nd5 22.Nxd5 exd5
23.Rb1 f5 24.Rb6 Qa8 25.a6 Kf7 26.Bd6 Re8 27.a7  1-0

[Event "FSIMB August"]
[Site "Budapest HUN"]
[Date "2007.08.09"]
[Round "4"]
[White "Eperjesi,L"]
[Black "Magyar,O"]
[Result "1/2-1/2"]
[WhiteElo "2264"]
[BlackElo "2304"]

1.d4 Nf6 2.c4 e6 3.Nf3 Bb4+ 4.Bd2 Qe7 5.Nc3 O-O 6.g3 Nc6 7.Bg2 a5 8.O-O d6
9.Rc1 Re8 10.Bg5 Bxc3 11.Rxc3 h6 12.Bxf6 Qxf6 13.d5 Nb8 14.Nd2 Nd7 15.Ne4 Qe7
16.dxe6 Qxe6 17.Qd4 f5 18.Ng5 Qf6 19.Qd5+ Kh8 20.Nh3 Nc5 21.Rc2 Bd7 22.Rd1 g5
23.f4 g4 24.Nf2 Bc6 25.Qd4 Qxd4 26.Rxd4 Bxg2 27.Kxg2 Re3 28.Rd5 Rf8 29.Nd1 Re6
30.Rcd2 Ne4 31.Rc2 b6 32.b3 Kg7 33.Nf2 Kf6 34.Nxe4+ Rxe4 35.Kf2 Rfe8 36.a3 Re3
37.Rd3 R3e4 38.b4 axb4 39.axb4  1/2-1/2

[Event "Open"]
[Site "Callao PER"]
[Date "2007.08.10"]
[Round "3"]
[White "Requejo,O"]
[Black "Cori T.,D"]
[Result "1-0"]
[WhiteElo "2287"]
[BlackElo "2144"]

1.d4 Nf6 2.c4 e6 3.Nf3 Bb4+ 4.Bd2 Bxd2+ 5.Qxd2 b6 6.g3 Bb7 7.Bg2 O-O 8.O-O d6
9.Nc3 Nbd7 10.Qc2 c5 11.Rad1 Qe7 12.d5 exd5 13.cxd5 a6 14.a4 b5 15.axb5 axb5
16.Nxb5 Nxd5 17.Qd2 N7f6 18.Nh4 Rad8 19.Nf5 Qe6 20.Nbxd6 Ba8 21.Qg5 g6 22.Nh6+ Kg7
23.Nhxf7 Rd7 24.e4  1-0